Economía y filosofía moral: la formación del pensamiento económico europeo de la Escolástica española.
Збережено в:
| Автор: | |
|---|---|
| Формат: | Книга |
| Мова: | Англійська |
| Опубліковано: |
Madrid, España:
Síntesis,
1998.
|
| Серія: | Historia del pensamiento económico,
|
| Предмети: | |
| Теги: |
Додати тег
Немає тегів, Будьте першим, хто поставить тег для цього запису!
|
MARC
| LEADER | 00000nam a22000007a 4500 | ||
|---|---|---|---|
| 003 | CL-VaPUC | ||
| 005 | 20220822114721.0 | ||
| 008 | 220725t1998 ||||| |||| 00| 0 eng d | ||
| 999 | |c 437534 |d 437532 | ||
| 040 | |c Pontificia Universidad Católica de Valparaíso | ||
| 082 | |2 22 |a 330.0946 GOM 1998 | ||
| 100 | |9 317256 |a Gómez Camacho, Francisco |e autor | ||
| 245 | |a Economía y filosofía moral: |b la formación del pensamiento económico europeo de la Escolástica española. | ||
| 260 | |a Madrid, España: |b Síntesis, |c 1998. | ||
| 300 | |a 352 páginas. | ||
| 490 | |a Historia del pensamiento económico, |n 1. | ||
| 500 | |a c.1 Donación Familia Prof. Alejandro Guzmán Brito. | ||
| 583 | |c 20220725 |k Yessy Sthefany Diaz Vidal | ||
| 650 | 0 | |9 255568 |a Economía |x Siglos 16-17 |z España | |
| 650 | 0 | |9 310115 |a Filosofía moral | |
| 650 | 0 | |9 264998 |a Escolasticismo |x Historia | |
| 942 | |2 ddc |c BK |n 0 | ||
| 952 | |0 0 |1 0 |2 ddc |4 0 |6 330_094600000000000_GOM_1998 |7 0 |8 C_AGB |9 585312 |a BIBDER |b BIBDER |d 2022-07-25 |e Donación |i 5653284 |l 1 |o 330.0946 GOM 1998 |p 5653284 |r 2023-05-12 |s 2023-05-12 |t 1 |w 2022-07-25 |y BK_US |k AGB | ||